| 000 | 00595nam a2200181 a 4500 | ||
|---|---|---|---|
| 008 | 120416s1988 ||||||||||||||||| || u | ||
| 020 | _a0333451244 | ||
| 050 | _aHF 5661 Ste | ||
| 100 | _aStevens, P | ||
| 245 | 1 | 0 | _aWork out accounting |
| 246 | _a'A' level | ||
| 260 |
_aHampshire _bMacmillan _c1988 |
||
| 300 | _axi, 208p. | ||
| 350 | _a0.00 | ||
| 650 | 0 | _aACCOUNTING--HANDBOOKS, MANUALS, ETC | |
| 650 | _aACCOUNTING--STUDY AND TEACHING | ||
| 995 |
_D0.00 _FCBU-MAIN LIBRARY (Kitwe) _H1 _I11.95 _M1 _UDAMAGED _ZMain Library Open Access Collection |
||
| 999 |
_c61922 _d61922 |
||